Jugadores con más Partidos y Goles en La Liga: Cataluña - Estadísticas

Estadísticas generales
  • Esta prueba ha sido intentada 90 veces
  • La puntuación promedio es 6 de 20
Estadísticas de respuestas
Hint Respuesta % Correcto
505 Xavi
93%
58 Xavi
93%
419 Piqué
86%
392 Puyol
85%
481 Busquets
81%
75 Sergio García
46%
407 Tamudo
39%
146 Tamudo
39%
418 Sergio
31%
120 Gerard Moreno
23%
410 Capdevila
11%
81 Rexach
7%
504 Miquel Soler
3%
89 Basora
1%
413 Fernando Navarro
1%
61 Luque
1%
85 Escolà
0%
72 Juncosa
0%
409 Lopo
0%
65 Murillo
0%
No se encontraron pruebas coincidentes
Distribución de puntuación
Porcentaje de gente con cada puntuación
Porcentaje por número respondido
Historial de tus puntuaciones
No has intentado esta prueba.